[Event "BRA-ch sf Reg1 84th"]
[Site "Sao Paulo"]
[Date "2017.12.09"]
[Round "5"]
[White "Mendes, Antonio Daniel Nobr"]
[Black "Itagyba, Renan Fortes"]
[Result "1/2-1/2"]
[WhiteElo "2039"]
[BlackElo "1707"]
[PlyCount "116"]
[EventDate "2017.12.07"]
[EventType "swiss"]
[EventRounds "7"]
[EventCountry "BRA"]
[SourceTitle "CBM 182 Extra"]
[Source "ChessBase"]
[SourceDate "2018.02.23"]
[SourceVersion "1"]
[SourceVersionDate "2018.02.23"]
[SourceQuality "1"]

1. d4 Nf6 2. c4 g6 3. Nc3 Bg7 4. e4 d6 5. f4 0-0 6. Nf3 Na6 7. Be2 c5 8. d5 Nc7 9. 0-0 Nd7 10. Be3 f5 11. exf5 Rxf5 12. Qd2 Rf8 13. Rae1 Nf6 14. Kh1 Bd7 15. Ng5 a6 16. Bg1 h6 17. Nf3 b5 18. b3 b4 19. Nd1 Ne4 20. Qe3 Nc3 21. Bd3 Nxd1 22. Rxd1 Bf5 23. Nh4 Qd7 24. Nxg6 Bxd3 25. Nxf8 Rxf8 26. Qxd3 Kh8 27. Be3 Qg4 28. Rf3 Ne8 29. Rg3 Qh5 30. Bc1 Nf6 31. Bb2 Rf7 32. Rh3 Qg4 33. Qf3 Qf5 34. Re1 Ng4 35. Bxg7+ Rxg7 36. Rg3 Qh5 37. h3 Qh4 38. Rxg4 Qxe1+ 39. Kh2 Rxg4 40. Qxg4 Qf2 41. Qf5 Kg7 42. Qe4 Qh4 43. g3 Qf6 44. h4 h5 45. Kh3 Qf7 46. f5 Kf6 47. Qf4 Qh7 48. Qg5+ Kf7 49. Kg2 Qh8 50. Qg6+ Kf8 51. Kh3 a5 52. Qg5 Kf7 53. Qe3 Qf6 54. Qe6+ Kg7 55. Qxf6+ exf6 56. g4 hxg4+ 57. Kxg4 Kh6 58. h5 Kg7 1/2-1/2

[Event "BRA-ch sf Reg1 84th"]
[Site "Sao Paulo"]
[Date "2017.12.08"]
[Round "2"]
[White "Mendes, Antonio Daniel Nobr"]
[Black "Proudian, Armen"]
[Result "1/2-1/2"]
[WhiteElo "2039"]
[BlackElo "2436"]
[PlyCount "142"]
[EventDate "2017.12.07"]
[EventType "swiss"]
[EventRounds "7"]
[EventCountry "BRA"]
[SourceTitle "CBM 182 Extra"]
[Source "ChessBase"]
[SourceDate "2018.02.23"]
[SourceVersion "1"]
[SourceVersionDate "2018.02.23"]
[SourceQuality "1"]

1. d4 Nf6 2. c4 e6 3. Nc3 Bb4 4. Bg5 h6 5. Bh4 c5 6. d5 Bxc3+ 7. bxc3 d6 8. e3 e5 9. Qc2 Qe7 10. Nf3 g5 11. Bg3 Nh5 12. Bd3 Nd7 13. Nd2 Ndf6 14. Rb1 b6 15. a4 Bd7 16. a5 bxa5 17. f3 Nxg3 18. hxg3 Kf8 19. Qa2 e4 20. Nxe4 Nxe4 21. fxe4 a4 22. 0-0 Kg7 23. e5 Qxe5 24. Qf2 Rhf8 25. Rb7 Rad8 26. Rxa7 Qxc3 27. Bf5 Bxf5 28. Qxf5 Kh8 29. Rxf7 Rxf7 30. Qxf7 Qg7 31. Qe6 Rf8 32. Qxd6 Rxf1+ 33. Kxf1 a3 34. Qb8+ Kh7 35. Qb1+ Kg8 36. Kg1 Qe7 37. Kh2 h5 38. Qg6+ Kf8 39. d6 Qf7 40. Qxg5 a2 41. Qd8+ Kg7 42. Qa5 h4 43. Qxa2 hxg3+ 44. Kxg3 Qg6+ 45. Kf2 Qxd6 46. Qe2 Qf6+ 47. Qf3 Qb2+ 48. Kg3 Qb4 49. Qg4+ Kf6 50. Qf4+ Ke6 51. Qe4+ Kf6 52. Kf3 Qa5 53. g4 Qa1 54. Qf5+ Kg7 55. Ke4 Qh1+ 56. Ke5 Qc6 57. Qe6 Qc7+ 58. Kd5 Qa5 59. Qe7+ Kg8 60. Qxc5 Qd8+ 61. Ke4 Qe8+ 62. Kf4 Qf7+ 63. Kg3 Qf1 64. Qd5+ Kg7 65. Qd4+ Kg8 66. c5 Qg1+ 67. Kh4 Kf7 68. Kg5 Qh1 69. Qf6+ Ke8 70. c6 Qh5+ 71. Kf4 Qxg4+ 1/2-1/2

[Event "Brasilia-ch"]
[Site "Brasilia"]
[Date "2017.11.15"]
[Round "1"]
[White "Bueno, Fabio Marvulle"]
[Black "Mendes, Antonio Daniel Nobr"]
[Result "0-1"]
[WhiteElo "1662"]
[BlackElo "2018"]
[PlyCount "86"]
[EventDate "2017.11.15"]
[EventType "swiss"]
[EventRounds "7"]
[EventCountry "BRA"]
[SourceTitle "EXT 2019"]
[Source "ChessBase"]
[SourceDate "2018.10.10"]
[SourceVersion "1"]
[SourceVersionDate "2018.10.10"]
[SourceQuality "1"]

1. d4 d5 2. Nf3 Nf6 3. Bg5 Nbd7 4. e3 e6 5. Nbd2 Be7 6. Bd3 c5 7. c3 0-0 8. 0-0 b6 9. Re1 Bb7 10. e4 dxe4 11. Nxe4 Nxe4 12. Bxe7 Qxe7 13. Bxe4 Bxe4 14. Rxe4 Nf6 15. Re5 Rfd8 16. Qe2 Rac8 17. Re1 h6 18. h3 cxd4 19. Nxd4 Rc5 20. Qf3 Rxe5 21. Rxe5 Qd6 22. Qg3 a6 23. f4 b5 24. Qe1 b4 25. f5 bxc3 26. bxc3 Nd7 27. Re3 e5 28. Nf3 f6 29. Nd2 Nb6 30. Ne4 Qc6 31. Qe2 Nd5 32. Rg3 Rd7 33. Rg6 Nf4 34. Nxf6+ Qxf6 35. Qc4+ Qf7 36. Qc8+ Kh7 37. Rxa6 Qxf5 38. Qc4 Nd3 39. Qh4 Rf7 40. Rd6 e4 41. Rd8 e3 42. Qc4 e2 43. Rxd3 e1Q+ 0-1

[Event "Brasilia Centro Oeste-ch"]
[Site "Brasilia"]
[Date "2017.09.24"]
[Round "5"]
[White "Taira, Erick Hideki"]
[Black "Mendes, Antonio Daniel Nobr"]
[Result "0-1"]
[WhiteElo "1817"]
[BlackElo "2035"]
[PlyCount "50"]
[EventDate "2017.09.22"]
[EventType "swiss"]
[EventRounds "6"]
[EventCountry "BRA"]
[SourceTitle "CBM 180 Extra"]
[Source "ChessBase"]
[SourceDate "2017.10.06"]
[SourceVersion "1"]
[SourceVersionDate "2017.10.06"]
[SourceQuality "1"]

1. e4 c5 2. Nf3 Nc6 3. d4 cxd4 4. Nxd4 Nf6 5. Nc3 e5 6. Ndb5 d6 7. Bg5 a6 8. Na3 b5 9. Bxf6 gxf6 10. Nd5 f5 11. Bd3 Be6 12. 0-0 Bxd5 13. exd5 Ne7 14. c4 Bg7 15. cxb5 e4 16. Bc4 Bxb2 17. Qb3 Bxa1 18. Rxa1 axb5 19. Bxb5+ Kf8 20. Nc2 Qb6 21. a4 Rg8 22. Rd1 Qc5 23. Nb4 e3 24. fxe3 f4 25. Rd4 fxe3 0-1

[Event "Brasilia Centro Oeste-ch"]
[Site "Brasilia"]
[Date "2017.09.22"]
[Round "1"]
[White "Olivo, Anibal Ribeiro"]
[Black "Mendes, Antonio Daniel Nobr"]
[Result "0-1"]
[WhiteElo "1597"]
[BlackElo "2035"]
[PlyCount "104"]
[EventDate "2017.09.22"]
[EventType "swiss"]
[EventRounds "6"]
[EventCountry "BRA"]
[SourceTitle "CBM 180 Extra"]
[Source "ChessBase"]
[SourceDate "2017.10.06"]
[SourceVersion "1"]
[SourceVersionDate "2017.10.06"]
[SourceQuality "1"]

1. e4 c5 2. Nc3 Nc6 3. g3 g6 4. Bg2 Bg7 5. f4 e6 6. Nf3 Nge7 7. d3 0-0 8. 0-0 d6 9. Be3 Nd4 10. e5 dxe5 11. Nxe5 Rb8 12. Ne2 b6 13. c3 Nxe2+ 14. Qxe2 Bb7 15. Bxb7 Rxb7 16. Rad1 Nf5 17. Bf2 Qc8 18. Qe4 Rc7 19. g4 Ne7 20. Qf3 Kh8 21. d4 cxd4 22. Bxd4 f6 23. Nd3 e5 24. Be3 e4 25. Qxe4 Qxg4+ 26. Qg2 Qxg2+ 27. Kxg2 Nf5 28. Bc1 Re7 29. Rfe1 Rxe1 30. Rxe1 Kg8 31. Nb4 Rc8 32. Nd5 Kf7 33. Kf2 Bf8 34. Kf1 Rc5 35. Ne3 Nd6 36. Ng2 Rb5 37. Re2 Nf5 38. Rd2 Bd6 39. b4 Ke6 40. Re2+ Kd7 41. Ne3 Nxe3+ 42. Bxe3 Rf5 43. Rf2 Kc6 44. Ke2 Kb5 45. Kd3 a5 46. a3 Bc7 47. Ke2 a4 48. Kd3 Kc6 49. c4 Bd6 50. Kd4 Rh5 51. Kd3 Rh3 52. Kc2 Rxe3 0-1

[Event "Brazil Fiesta op"]
[Site "Brazil"]
[Date "2017.07.22"]
[Round "3"]
[White "Mendes, Antonio Daniel Nobr"]
[Black "Couto, Januario Pereira Do"]
[Result "1-0"]
[WhiteElo "2059"]
[BlackElo "1574"]
[PlyCount "31"]
[EventDate "2017.07.21"]
[EventType "swiss"]
[EventRounds "6"]
[EventCountry "BRA"]
[SourceTitle "EXT 2019"]
[Source "ChessBase"]
[SourceDate "2018.10.10"]
[SourceVersion "1"]
[SourceVersionDate "2018.10.10"]
[SourceQuality "1"]

1. d4 d5 2. c4 e6 3. Nc3 Nf6 4. Bg5 Nbd7 5. cxd5 exd5 6. e3 c6 7. Bd3 Bb4 8. Nge2 0-0 9. Qc2 Re8 10. Bxh7+ Kh8 11. Bd3 Qc7 12. 0-0 Bd6 13. h3 Nh5 14. Rac1 f6 15. Bh4 Re7 16. Bg6 1-0

[Event "Belem Para op"]
[Site "Belem"]
[Date "2010.11.15"]
[Round "7"]
[White "Mendes, Antonio Daniel Nobr"]
[Black "Silveira, Leonardo Eleuterio"]
[Result "0-1"]
[WhiteElo "2042"]
[BlackElo "2135"]
[PlyCount "82"]
[EventDate "2010.11.12"]
[EventType "swiss"]
[EventRounds "7"]
[EventCountry "BRA"]
[SourceTitle "EXT 2022"]
[Source "ChessBase"]
[SourceDate "2021.10.06"]
[SourceVersion "1"]
[SourceVersionDate "2021.10.06"]
[SourceQuality "1"]

1. d4 e6 2. c4 Bb4+ 3. Bd2 Qe7 4. Nf3 f5 5. e3 b6 6. Be2 Bb7 7. 0-0 Bxd2 8. Nbxd2 Nf6 9. Qc2 0-0 10. Rac1 c5 11. a3 d6 12. b4 Nbd7 13. Qd1 Ne4 14. bxc5 dxc5 15. d5 Nxd2 16. Qxd2 e5 17. e4 f4 18. Qc3 Rae8 19. a4 a5 20. Rb1 h5 21. h4 Kh7 22. Ng5+ Kh6 23. Qh3 Rf6 24. Ne6 Rg8 25. Rb3 Bc8 26. g4 fxg3 27. Rxg3 Nf8 28. Rg5 g6 29. Qe3 Kh7 30. Rxe5 Bxe6 31. dxe6 Nd7 32. Rd5 Rxe6 33. Rfd1 Nf6 34. Bf3 Rg7 35. Qf4 Rf7 36. Rd6 Ng4 37. Rxe6 Qxe6 38. Bxg4 hxg4 39. Qg5 Qxe4 40. h5 gxh5 41. Rd6 Qe1+ 0-1

[Event "Belem Para op"]
[Site "Belem"]
[Date "2010.11.14"]
[Round "5"]
[White "Cohen Farias, Paulo"]
[Black "Mendes, Antonio Daniel Nobr"]
[Result "0-1"]
[WhiteElo "2063"]
[BlackElo "2042"]
[PlyCount "62"]
[EventDate "2010.11.12"]
[EventType "swiss"]
[EventRounds "7"]
[EventCountry "BRA"]
[SourceTitle "EXT 2022"]
[Source "ChessBase"]
[SourceDate "2021.10.06"]
[SourceVersion "1"]
[SourceVersionDate "2021.10.06"]
[SourceQuality "1"]

1. e4 c5 2. Nf3 Nc6 3. d4 cxd4 4. Nxd4 Nf6 5. Nc3 e5 6. Ndb5 d6 7. Bg5 a6 8. Na3 b5 9. Nd5 Be7 10. Bxf6 Bxf6 11. c3 0-0 12. Nc2 Bg5 13. a4 bxa4 14. Rxa4 a5 15. Bc4 Rb8 16. b3 Kh8 17. Nce3 Bxe3 18. Nxe3 Ne7 19. Qa1 f5 20. Rxa5 fxe4 21. 0-0 Bb7 22. Rd1 Qc7 23. Qa3 d5 24. Rc5 Qb6 25. Nxd5 Nxd5 26. Bxd5 Bxd5 27. Rdxd5 Qf6 28. Qa2 Rxb3 29. Rd1 Qb6 30. Rf1 Rb2 31. Qa5 Rbxf2 0-1

[Event "Belem Para op"]
[Site "Belem"]
[Date "2010.11.13"]
[Round "3"]
[White "De Souza Monteiro, Marcos Paulo"]
[Black "Mendes, Antonio Daniel Nobr"]
[Result "1/2-1/2"]
[WhiteElo "1988"]
[BlackElo "2042"]
[PlyCount "30"]
[EventDate "2010.11.12"]
[EventType "swiss"]
[EventRounds "7"]
[EventCountry "BRA"]
[SourceTitle "EXT 2022"]
[Source "ChessBase"]
[SourceDate "2021.10.06"]
[SourceVersion "1"]
[SourceVersionDate "2021.10.06"]
[SourceQuality "1"]

1. d4 d5 2. c4 c6 3. cxd5 cxd5 4. Nc3 Nf6 5. Nf3 e6 6. Bf4 Be7 7. e3 0-0 8. Bd3 a6 9. Rc1 b5 10. a3 Bb7 11. 0-0 Nbd7 12. Nd2 Qb6 13. b4 Rac8 14. Nb3 Rfd8 15. Nc5 Bc6 1/2-1/2

[Event "BRA-ch sf"]
[Site "Sao Paulo"]
[Date "2010.10.30"]
[Round "1"]
[White "Aranha Filho, Alvaro Zimmermann"]
[Black "Mendes, Antonio Daniel Nobr"]
[Result "1-0"]
[WhiteElo "2299"]
[BlackElo "1552"]
[PlyCount "59"]
[EventDate "2010.10.30"]
[EventType "swiss"]
[EventRounds "7"]
[EventCountry "BRA"]
[SourceTitle "EXT 2012"]
[Source "ChessBase"]
[SourceDate "2011.11.24"]
[SourceVersion "1"]
[SourceVersionDate "2011.11.24"]
[SourceQuality "1"]

1. d4 d5 2. c4 c6 3. Nf3 Nf6 4. e3 e6 5. Nc3 Be7 6. Qc2 Nbd7 7. g4 Nxg4 8. Rg1 f5 9. h3 Ngf6 10. Rxg7 Ne4 11. Bd2 Kf8 12. Rg2 Rg8 13. Nxe4 dxe4 14. Ne5 Nxe5 15. dxe5 Rxg2 16. Bxg2 Bh4 17. 0-0-0 Qg5 18. f3 Kf7 19. Bh1 exf3 20. Bxf3 Bf2 21. Qd3 a5 22. Qe2 Qh4 23. Bc3 a4 24. Bh5+ Kf8 25. Bb4+ Kg7 26. Rf1 Bxe3+ 27. Qxe3 Qxh5 28. Rg1+ Kh8 29. Qd2 Qh4 30. Qd6 1-0

[Event "Brasilia IRT Carnaval"]
[Site "Brasilia"]
[Date "2010.02.13"]
[Round "2.3"]
[White "Mendes, Antonio Daniel Nobr"]
[Black "Wilhelms, Diego Lima"]
[Result "0-1"]
[WhiteElo "2025"]
[BlackElo "2264"]
[PlyCount "56"]
[EventDate "2010.02.12"]
[EventType "swiss"]
[EventRounds "7"]
[EventCountry "BRA"]
[SourceTitle "EXT 2022"]
[Source "ChessBase"]
[SourceDate "2021.10.06"]
[SourceVersion "1"]
[SourceVersionDate "2021.10.06"]
[SourceQuality "1"]

1. d4 d5 2. c4 c6 3. Nf3 Nf6 4. Nc3 e6 5. e3 Nbd7 6. Bd3 dxc4 7. Bxc4 b5 8. Bd3 a6 9. 0-0 c5 10. b3 Bb7 11. Bb2 Bd6 12. Qe2 0-0 13. Rad1 Qc7 14. h3 Rfd8 15. Bb1 Rac8 16. e4 cxd4 17. Nxd4 Bb4 18. Rc1 Qf4 19. Rfd1 Ne5 20. Ncxb5 axb5 21. Rxc8 Rxc8 22. Qxb5 Nxe4 23. Qxb7 Qxf2+ 24. Kh1 Ng3+ 25. Kh2 Nf1+ 26. Rxf1 Ng4+ 27. hxg4 Bd6+ 28. Kh1 Qxf1# 0-1

[Event "Brasiliense-ch 49th"]
[Site "Brasilia"]
[Date "2009.09.02"]
[Round "3.7"]
[White "Mendes, Antonio Daniel Nobr"]
[Black "Lucena, Lincoln"]
[Result "0-1"]
[WhiteElo "2091"]
[BlackElo "2148"]
[PlyCount "74"]
[EventDate "2009.08.31"]
[EventType "tourn"]
[EventRounds "13"]
[EventCountry "BRA"]
[SourceTitle "EXT 2022"]
[Source "ChessBase"]
[SourceDate "2021.10.06"]
[SourceVersion "1"]
[SourceVersionDate "2021.10.06"]
[SourceQuality "1"]

1. d4 b5 2. e4 Bb7 3. Bd3 e6 4. Qe2 a6 5. Be3 Nf6 6. f3 d6 7. Nh3 Nbd7 8. 0-0 Be7 9. Nd2 0-0 10. Rad1 c5 11. c3 Qc7 12. Nf2 Rfe8 13. Bb1 Bf8 14. f4 g6 15. Nf3 e5 16. fxe5 dxe5 17. d5 c4 18. Rd2 a5 19. Kh1 Bd6 20. h3 Nh5 21. Kh2 f5 22. Nh1 Ndf6 23. Ng5 Nxd5 24. Rfd1 Nxe3 25. Qxe3 Bc5 26. Qe1 Re7 27. Qh4 h6 28. Ne6 Rxe6 29. Rd7 Qc6 30. g4 fxg4 31. Ng3 Nf6 32. Rd8+ Rxd8 33. Rxd8+ Kg7 34. hxg4 Be7 35. Nf5+ gxf5 36. gxf5 Bxd8 37. Qg3+ Kf8 0-1

[Event "Brasilia TR Centro Oeste op"]
[Site "Brasilia"]
[Date "2009.04.??"]
[Round "3"]
[White "Mendes, Antonio Daniel Nobr"]
[Black "Lucena, Lincoln"]
[Result "1/2-1/2"]
[WhiteElo "1542"]
[BlackElo "2206"]
[PlyCount "85"]
[EventDate "2009.04.??"]
[EventType "swiss"]
[EventRounds "7"]
[EventCountry "BRA"]
[SourceTitle "EXT 2011"]
[Source "ChessBase"]
[SourceDate "2010.11.26"]
[SourceVersion "1"]
[SourceVersionDate "2010.11.26"]
[SourceQuality "1"]

1. d4 Nf6 2. c4 e6 3. Nc3 d5 4. Bg5 Be7 5. e3 h6 6. Bh4 0-0 7. cxd5 exd5 8. Bd3 Be6 9. Nge2 c6 10. 0-0 Re8 11. Qc2 Bd6 12. h3 Nbd7 13. Rab1 Qc7 14. a3 Kh8 15. b4 b6 16. e4 g5 17. e5 gxh4 18. exd6 Qxd6 19. Qd2 Kg7 20. f4 Nf8 21. f5 Bd7 22. Rf4 Qe7 23. Nd1 N8h7 24. Rxh4 Ng5 25. Rb3 Rh8 26. Rf4 Rae8 27. h4 Ngh7 28. g4 Rhg8 29. Kf1 Kh8 30. Nf2 Qe3 31. Qxe3 Rxe3 32. Bc2 Rge8 33. Rxe3 Rxe3 34. Nd3 Bc8 35. Ne5 Ba6 36. Bd1 Rxa3 37. Nxf7+ Kg7 38. Nd6 Rh3 39. Kf2 Rxh4 40. Kg3 Rh1 41. Nc3 Ng5 42. Kf2 Rf1+ 43. Kg3 1/2-1/2